Statistics for Guess the Taylor Swift Song (no hints) 100

Click here to take the quiz!

General Stats

  • This quiz has been taken 41 times
  • The average score is 308 of 378

Answer Stats

Answer% Correct
I
100%
the
98%
The
98%
a
95%
an
95%
You
95%
you
95%
and
93%
And
93%
be
93%
by
93%
it
93%
me
93%
when
93%
in
90%
on
90%
so?
90%
So
90%
then
90%
to
90%
To
90%
too
90%
were
90%
your
90%
you're
90%
All
88%
all
88%
But
88%
Don't
88%
don't
88%
is
88%
it's
88%
love
88%
My
88%
my
88%
of
88%
see
88%
that
88%
this
88%
Who
88%
why
88%
can"
85%
they
85%
was
85%
go
83%
gone
83%
I'll
83%
I'm
83%
like
83%
now
83%
now,
83%
think
83%
with?
83%
as
80%
back
80%
day
80%
how
80%
know
80%
out
80%
young?
80%
young
80%
at
78%
every
78%
Never
78%
nights
78%
over
78%
them
78%
you'll
78%
are
76%
could
76%
have
76%
long
76%
Long
76%
once
76%
said
76%
Well,
76%
'Cause
73%
days
73%
Dear
73%
dress
73%
dress,
73%
girl
73%
give
73%
home
73%
John,
73%
let
73%
list
73%
look
73%
oh
73%
Oh,
73%
take
73%
up
73%
you've
73%
away
71%
blue
71%
cried
71%
dark,
71%
eyes
71%
known
71%
messed
71%
mind
71%
should've
71%
took
71%
way
71%
won't
71%
wrong
71%
again
68%
around
68%
blame
68%
fast
68%
game
68%
get
68%
loved
68%
Or
68%
revolved
68%
run
68%
"Run
68%
song
68%
through
68%
traitors
68%
understand
68%
whole
68%
add
66%
before
66%
blind
66%
changed
66%
chess
66%
fine
66%
fire
66%
fireworks
66%
girls
66%
lived
66%
maybe
66%
mother
66%
name
66%
optimism
66%
paint
66%
played
66%
Praying
66%
regret
66%
rules
66%
sad
66%
sky
66%
turn
66%
which
66%
accused
63%
blurry
63%
burned
63%
catch
63%
Counting
63%
empty
63%
expert
63%
fall
63%
floor
63%
footsteps
63%
games
63%
ignored
63%
lines
63%
losing
63%
matches
63%
need
63%
nineteen's
63%
phone
63%
shining
63%
sick
63%
sorry
63%
swore
63%
town
63%
twisted
63%
Wondering
63%
wrote
63%
acing
61%
impressed
61%
keeping
61%
rain
61%
tests
61%
tired
61%
tonight
61%
version
61%
might
59%
stopped
59%
dry
56%
picking
56%
lifeless
51%

Score Distribution

Percentile by Number Answered

Percent of People with Each Score

Your Score History

You have not taken this quiz